Metodické riadenie pri budovaní materiálno-technickej základne knižníc

Bibliographic Details
Main Author: Čuparova, Elena (Author)
Format: Article
Language:Slovak
Subjects:

MARC

LEADER 00000nab a2200000 a 4500
001 vtls000267856
003 SK-MaSNL
005 20260304133504.0
008 150501c1986 xo 0 slo
015 |a SNBRB19rr/mm-uuuuu 
035 |a CL0277970 
040 |a SNKBUCL  |b slo  |c SNKBUCL  |e AACR2 
041 0 |a slo 
044 |a xo  |c SK 
080 |a 021.81:027.54(497.2)  |2 1981 
080 |a 027.54(497.2)  |2 1981 
100 1 |a Čuparova, Elena  |4 aut  |9 1313711 
245 1 0 |a Metodické riadenie pri budovaní materiálno-technickej základne knižníc  |c Elena Čuparova 
650 0 7 |a Narodna biblioteka Kirila i Mefodija, Sofia  |2 snkbucl  |9 1360621 
650 0 7 |a metodická činnosť  |2 snkbucl  |9 71815 
655 7 |a články z novín a časopisov  |2 snkbucl  |9 267496 
655 7 |a články z odboru knihovníctvo  |2 snkbucl  |9 166141 
773 0 |t Knižničná technika a technológia  |g Č. 3 (1986), s. 63-65 
850 |a Slovenská národná knižnica v Martine  |a MTA001 
852 |a SNK  |b KIS3GCP 
958 |a RK 
958 |a KL 
958 |a BG 
992 |a RBX 
999 |c 2901878  |d 2903808